Régimen jurídico de la colegialidad en el código de derecho canónico
-д хадгалсан:
| Үндсэн зохиолч: | |
|---|---|
| Формат: | Ном |
| Хэл сонгох: | испани |
| Хэвлэсэн: |
Santiago de Compostela
Universidad de Santiago de Compostela
1960
|
| Нөхцлүүд: | |
| Шошгууд: |
Шошго нэмэх
Шошго байхгүй, Энэхүү баримтыг шошголох эхний хүн болох!
|
MARC
| LEADER | 00000nam a2200000 a 4500 | ||
|---|---|---|---|
| 001 | UCV2889 | ||
| 003 | CL-VaPUC | ||
| 008 | 921217e19600000SP |||||||||||||||||spa|d | ||
| 082 | 0 | 4 | |a 262.1 |b GAR |2 21 |
| 100 | |a García Hervás, Dolores |e author |9 475773 | ||
| 245 | 1 | 0 | |a Régimen jurídico de la colegialidad en el código de derecho canónico |
| 300 | |a 332 p | ||
| 942 | |c BK | ||
| 945 | |d 19921217 00:00:00 | ||
| 260 | |a Santiago de Compostela |b Universidad de Santiago de Compostela |c 1960 | ||
| 650 | 0 | |a Gobierno eclesiástico |9 258471 | |
| 650 | 7 | |a IGLESIA CATOLICA GOBIERNO |2 CL-VaPUC |9 258427 | |
| 583 | |a last modification |c 19921217 00:00:00 |k Rodrigo Vera | ||
| 999 | |c 210346 |d 210344 | ||
| 952 | |0 0 |1 0 |4 0 |6 262_100000000000000_GAR_1960 |7 0 |8 A |9 186493 |a BIBDER |b BIBDER |d 2019-11-14 |i 2539853 |o 262.1 GAR 1960 |p 2539853 |r 2023-01-25 |w 2019-11-14 |y BK |k DER | ||